000 00494nam a22001817a 4500
003 OSt
005 20180116183057.0
008 161025b xxu||||| |||| 00| 0 eng d
020 _a8170941873
040 _c0
082 _a332.042 ENG 1995
100 _aWilliam F. Eng
245 _aStock Market Trading Rules
_bFifty Golden Strategies
_cWilliam F. Eng
260 _aNew Delhi
_bVision Books
_c1995
300 _a247 p.
_bPB
440 _aStock Market Trading Rules
942 _2ddc
_cBK
999 _c351882
_d351882